| 000 | 00788nas a2200253 i 4500 | ||
|---|---|---|---|
| 001 | 373 | ||
| 003 | ES-MaACL | ||
| 005 | 20250814062534.0 | ||
| 007 | t| | ||
| 008 | 950801c1942 sp | | 1 ||re d | ||
| 080 | _a06 | ||
| 245 | 0 | 0 |
_aBibliotheque de L'Institut Français en Espagne _b: circulaire bibliographique. |
| 260 |
_aMadrid : _b[s.n.], _c1942- |
||
| 300 |
_a5 v. ; _c32 cm. |
||
| 310 | _aMensual | ||
| 362 | 1 | _aAño I (oct. 1942)- | |
| 650 | 4 |
_aBibliografía. _910516 |
|
| 650 | 4 |
_aInstituciones científicas y diversas _913829 |
|
| 785 | 0 | 0 |
_aBulletin de la Bibliothéque de L'Institut Français en Espagne _d1945-1949 |
| 785 | 0 | 0 |
_tBulletin de l'Institut français en Espagne, _d1950- |
| 852 |
_aES-MaACL _jHem-765 |
||
| 866 | 0 | _o1942-57(1958). | |
| 999 |
_c373 _d373 |
||